Statistics for Land Rover Car Models Worldwide 2022-23

Click here to take the quiz!

General Stats

  • This quiz has been taken 285 times
    (66 since last reset)
  • The average score is 10 of 11

Answer Stats

HintAnswer% Correct
Fullsize SUVRange Rover Vogue
100%
Off-Road SUV 4 DoorDefender 110
95%
Off-Road SUV 4 DoorDefender 130
95%
Off-Road SUV 2 DoorDefender 90
95%
Midsize SUVDiscovery
93%
Compact CrossoverDiscovery Sport
93%
Compact Crossover PHEVDiscovery Sport P300e
93%
Subcompact CrossoverRange Rover Evoque
84%
Subcompact Crossover PHEVRange Rover Evoque P300e
84%
Midsize SUVRange Rover Sport
72%
Compact CrossoverRange Rover Velar
63%

Score Distribution

Percentile by Number Answered

Percent of People with Each Score

Your Score History

You have not taken this quiz since the last reset